000 01927nam a2200433 c 4500
003 BLK
005 20231216104453.0
008 180408b bul|||||r ||||||| ||bul||
010 _aKNG00036853000
020 _a954-729-119-Х
_bиздат.: Атика
040 _aBLK
041 _aBUL
_cBUL
080 _aВътрешна политика. Вж и 329
_b323
_x(470)(092)
_z323(470)(092)
080 _aРуски олигарх
_b929 Березовски, Борис Абрамович
_x
_z929 Березовски, Борис Абрамович
100 1 _aХлебников, Пол
_eпърви автор
_9273487
700 1 _aГерасимов, Петър
_eпрев. от англ.
_9271905
139 _aХлебников, Пол
_bБ 38
245 1 0 _aКръстникът от Кремъл
_bБорис Березовски и плячкосването на Русия
_cПол Хлебников; прев. от англ. Петър Герасимов.
257 _aGBR
260 София
_bАтика
_c2001
300 _a382 с.
_c20 см
380 _a3
500 _aОриг. загл. Godfather of the Kremlin / Paul Klebnikov. - Офс. изд. - Библиогр. с. 328-344.
600 1 4 _aБерезовски, Борис Абрамович
_9222628
650 4 _aРусия - вътрешна политика
_9260411
650 4 _aПолитици, руски
_9256327
650 4 _aБерезовски, Борис Абрамович
_9222628
651 4 _aРусия
_9179465
653 _aвътрешна политика
653 _aполитици
653 _aпредприемачи
653 _aБорис Березовски
852 _aЦб 209165
856 4 _qpdf
_u
856 4 _qpdf
_u
942 _cKNG
_n0
_04
944 _aCR
_c15.01.2003
_lЦветомила Тодорова
_k30576
944 _aED
_c05.05.2017
_lф /
_kПенка_Димитрова
999 _c34155
_d34155